The globalization of world politics : (Record no. 554027)
[ view plain ]
| 000 -LEADER | |
|---|---|
| fixed length control field | 00708cam a2200205 i 4500 |
| 020 ## - INTERNATIONAL STANDARD BOOK NUMBER | |
| International Standard Book Number | 9780198739852 (paperback) |
| 082 ## - DEWEY DECIMAL CLASSIFICATION NUMBER | |
| Classification number | 327.101 |
| Author Mark | BAY |
| -- | D |
| 245 04 - TITLE STATEMENT | |
| Title | The globalization of world politics : |
| Remainder of title | an introduction to international relations / |
| Statement of responsibility, etc. | John Baylis, Steve Smith, Patricia Owens. |
| 250 ## - EDITION STATEMENT | |
| Edition statement | 6th ed. |
| 300 ## - PHYSICAL DESCRIPTION | |
| Extent | xxvi, 610 pages : |
| Other physical details | color illustrations, color maps ; |
| Dimensions | 27 cm |
| 500 ## - GENERAL NOTE | |
| General note | Previous edition: 2014. |
| 526 ## - STUDY PROGRAM INFORMATION NOTE | |
| Program name | 0 |
| Interest level | 0 |
| Reading level | 0 |
| Title point value | 327_101000000000000_BAY |
| 650 #0 - SUBJECT ADDED ENTRY--TOPICAL TERM | |
| Topical term or geographic name entry element | Globalization |
| 9 (RLIN) | 7773 |
| 650 #0 - SUBJECT ADDED ENTRY--TOPICAL TERM | |
| Topical term or geographic name entry element | International relations |
| 650 #0 - SUBJECT ADDED ENTRY--TOPICAL TERM | |
| Topical term or geographic name entry element | World politics |
| 700 1# - ADDED ENTRY--PERSONAL NAME | |
| Personal name | Baylis, John, |
| 9 (RLIN) | 51311 |
| 700 1# - ADDED ENTRY--PERSONAL NAME | |
| Personal name | Owens, Patricia, |
| 9 (RLIN) | 51312 |
| 700 1# - ADDED ENTRY--PERSONAL NAME | |
| Personal name | Smith, Steve, |
| 9 (RLIN) | 51313 |
| 942 ## - ADDED ENTRY ELEMENTS (KOHA) | |
| Source of classification or shelving scheme | |
| Koha item type | Book |
| Withdrawn status | Lost status | Source of classification or shelving scheme | Damaged status | Not for loan | Permanent Location | Current Location | Date acquired | Total Checkouts | Total Renewals | Full call number | Barcode | Date last seen | Date last checked out | Price effective from | Koha item type |
|---|---|---|---|---|---|---|---|---|---|---|---|---|---|---|---|
| Military College of Engineering (MCE) | Military College of Engineering (MCE) | 01/15/2018 | 2 | 1 | 327.101 BAY | MCE-50561 | 11/20/2020 | 11/20/2020 | 03/14/2021 | Book |
